000 00316nam a2200133Ia 4500
005 20251222155150.0
008 251222s9999||||xx |||||||||||||| ||spa||
082 _aETI.148.1-2
100 _aConferencia episcopal.
245 0 _aPerĂº cultiva los valores
250 _a1ra. ed.
264 _bEpiconsa
942 _cLIB
999 _c39535
_d39535